Sports Quiz

Random Sports Quiz

Name the stadium of these 30 teams? Quiz Stats

 Plays Quiz not verified by Sporcle

Score 0/25 Timer 05:00
0 Plays Today
Hint Answer % Correct
Bath RugbyThe Rec
92%
Leicester TigersWelford Road
81.6%
Exeter ChiefsSandy Park
80.5%
HarlequinsTwickenham Stoop
78.2%
Gloucester RugbyKingsholm
77%
WaspsRicoh Arena
65.5%
SaracensAllianz Park
59.8%
Northampton SaintsFranklins Gardens
58.6%
Worcester WarriorsSixways
58.6%
Newcastle FalconsKingston Park
48.3%
Sale SharksAJ Bell Stadium
42.5%
Cardiff BluesCardiff Arms Park
41.4%
UlsterKingspan
36.8%
Hint Answer % Correct
Munster Thomond Park
29.9%
OspreysLiberty Stadium
27.6%
London IrishMadejski Stadium
26.4%
DragonsRodney Parade
23%
ScarletsParc y Scarlets
18.4%
LeinsterRDS Arena
9.2%
ToulonStade Mayol
9.2%
Glasgow WarriorsScotstoun Stadium
4.6%
ConnachtGalway Sportsgrounds
2.3%
Montpellier Altrad Stadium
2.3%
Edinburgh New Myreside
0%
Stade FrancaisStade Jean-Bouin
0%

You're not logged in!

Compare scores with friends on all Sporcle quizzes.
OR
Log In

Sporcle TV

Today on Sporcle TV


Watch our educational content, quiz creation guides, and fun videos on Sporcle TV.

Show Comments

Extras

Created Sep 15, 2017ReportNominate
Tags:team

Top Quizzes Today


Score Distribution

Your Account Isn't Verified!

In order to create a playlist on Sporcle, you need to verify the email address you used during registration. Go to your Sporcle Settings to finish the process.

Report this User

Report this user for behavior that violates our Community Guidelines.

Details: